000 01115nam a2200241Ia 4500
999 _c54676
_d54676
001 21743
003 GE_BSU
005 20220208163222.0
008 181216s1982||||ge |||||||||||||| ||geo||
040 _cGE_BSU
041 _ageo
080 _a811.353.1'373(072) + 811.353.1'38(072) გ-12
100 _aგაბეჩავა, რ.
_913500
245 _aლექსიკოლოგიისა და სტილისტიკის საკითხთა სწავლება რვაწლიან სკოლაში /
_cრ. გაბეჩავა ; რედ. ნ. ფალავანდიშვილი.
264 _aთბილისი :
_bგანათლება,
_c1982.
300 _a158 გვ. ;
_c20 სმ.
541 _h0,50 თ.
653 _aქართული ენა
653 _aქართული ენის ლექსიკოლოგია
653 _aქართული ენის სტილისტიკა
700 _aფალავანდიშვილი, ნ.
_eრედაქტორი
_913501
942 _cBK
_2udc